• 首页
  • 本馆介绍
  • 公告通知
  • 最新文献
  • 馆藏检索
  • 电子资源
  • 读者导购
  • 参考咨询
  • 我的图书馆
  • 登录
  • 详细信息显示
  • 放入我的书架
  • 预约/预借图书
  • 作者相关作品
  • 分类相关作品
  • 丛书相关作品
  • 出版社相关作品

书目信息

  • 表格格式
  • 工作单格式
  • 卡片格式
题名:
基于XML电子商务标准应用指南
    
 
作者: 胡涵景 , 张荫芬 , 李小林 著
分册:  
出版信息: 北京   电子工业出版社  2014
页数: 228页
开本: 23cm
丛书名: 国际贸易便利化与标准化系列丛书
单 册:
中图分类: TP312XM-62 , TP312
科图分类:
主题词: 可扩充语言--Ke Kuo Chong Yu Yan--程序设计--指南
电子资源:
ISBN: 978-7-121-22719-6
000 01374nam 2200313 450
001 1648919719
005 20141107222448.0
010    @a978-7-121-22719-6@dCNY59.00
100    @a20141216d2014 em y0chiy0120 ea
101 0  @achi
102    @aCN@b110000
105    @aa a 000yy
106    @ar
200 1  @a基于XML电子商务标准应用指南@AJi Yu XML Dian Zi Shang Wu Biao Zhun Ying Yong Zhi Nan@f胡涵景, 张荫芬, 李小林著
210    @a北京@c电子工业出版社@d2014
215    @a228页@c图@d23cm
225 2  @a国际贸易便利化与标准化系列丛书@AGuo Ji Mao Yi Bian Li Hua Yu Biao Zhun Hua Xi Lie Cong Shu
320    @a有书目
330    @a“基于XML电子商务标准应用指南”一书全面分析、总结了联合国贸易便利化与电子业务中心(UN/CEFACT)发布的200多项基于XML电子商务标准,系统地阐述了基于XML电子商务标准化原理与方法、基于XML电子商务标准体系以及基于XML电子商务标准之间的逻辑关系,并为用户如何使用它们提供了指南。
333    @a可以作为从事国际贸易的工作者和从事国际贸易教学的教师的参考书和手册,也可以作为各大专院校和培训机构的教材。
410  0 @12001 @a国际贸易便利化与标准化系列丛书
606 0  @a可扩充语言@AKe Kuo Chong Yu Yan@x程序设计@j指南
690    @aTP312XM-62@v5
690    @aTP312@v4
701  0 @a胡涵景@AHu Han Jing@4著
701  0 @a张荫芬@AZhang Yin Fen@4著
701  0 @a李小林@ALi Xiao Lin@4著
801  0 @aCN@b江苏新华@c20150511
905    @aBZT@dTP312@e201
    
    基于XML电子商务标准应用指南/胡涵景, 张荫芬, 李小林著.-北京:电子工业出版社,2014
    228页:图;23cm.-(国际贸易便利化与标准化系列丛书)
    使用对象:可以作为从事国际贸易的工作者和从事国际贸易教学的教师的参考书和手册,也可以作为各大专院校和培训机构的教材。
    
    ISBN 978-7-121-22719-6:CNY59.00
    “基于XML电子商务标准应用指南”一书全面分析、总结了联合国贸易便利化与电子业务中心(UN/CEFACT)发布的200多项基于XML电子商务标准,系统地阐述了基于XML电子商务标准化原理与方法、基于XML电子商务标准体系以及基于XML电子商务标准之间的逻辑关系,并为用户如何使用它们提供了指南。
●
相关链接 在五车中查询图书 在当当中查询图书 在豆瓣中查询图书


正题名:基于XML电子商务标准应用指南     索取号:TP312/201         预约/预借

序号 登录号 条形码 馆藏地/架位号 状态 备注
1 801506   2000801506   第二书库/ [索取号:TP312/201] 在馆    
2 801507   2000801507   第二书库/ [索取号:TP312/201] 在馆    
3 801508   2000801508   第二书库/ [索取号:TP312/201] 在馆    
山东省滨州职业学院图书馆 欢迎您!
大连网信软件有限公司© 版权所有